MDQL
is popping MORE tags! Check the
thread
!
Quizzes
Events
Quiz Creation
Community
Videos
Private Events
Remove Ads
Sign In
Join for FREE
Feedback
Dark Mode
Quiz Categories
Sports
Geography
Music
Movies
Television
Just For Fun
Miscellaneous
History
Literature
Language
Science
Gaming
Entertainment
Religion
Holiday
For Kids
Quiz Lab
Recent
Popular Today
Quiz Kudos Today
Editor Picks
Curator Picks
Quizzes by...
Day
Popularity
Type
Ratings
Length
Year
Community
Subscriptions
Recent Discussions
Orange Saloon
Badges
Playlists
Quests
Create
Leaderboards
Showdown
Live 5
Trivia Bingo
Activity
Puzzle Library
Sporcle Events
Private Events
Virtual Trivia
Globe League
Become a Host
Pub Owners
SporcleCon
Opinionation
Our Games
Videos
Blog
Mobile Apps
Partnerships
Remove Ads and Go Orange
Feedback
Geography
Country
Landmarks
City
State
Population
World
Capital
Continent
Flags
Europe
Africa
Asia
South America
North America
Oceania
Border
Canada
United Kingdom
Topography
United States
Geography
Country
Landmarks
City
State
Population
World
Capital
Continent
Flags
Europe
Africa
Asia
South America
North America
Oceania
Border
Canada
United Kingdom
Topography
United States
Random Quiz
Search Sporcle
×
Quiz Lab
Quiz Lab
Geography
Europe
Type in answers that appear in a list
Type in answers that appear in a list
Classic
Best Score? Go Orange.
European Cities Beginning with A Stats
Can you name the european cities with a population of over 100,000 beginning with A?
By
mckenna
5m
27 Questions
792 Plays
792 Plays
792 Plays
Comments
Comments
Give Quiz Kudos
Give Quiz Kudos
-
- Ratings
hide this ad
Replay
Link that replays current quiz
Next Quiz
Link to next quiz in quiz playlist
You Got
0%
They Got
Avg Score
40%
Avg Friend Score
Upgrade to see
Score Distribution
Jump to the score distribution portion of the page
Score
0/27
Timer
05:00
0
Plays Today
Nation and Population
City
% Correct
Netherlands 1,360,000
Amsterdam
96.8%
Greece 4,013,368
Athens
91.9%
Belgium 461,496
Antwerp
86.7%
Scotland 210,400
Aberdeen
82.3%
Denmark 239,865
Aarhus
69.2%
Germany 257,935
Aachen
66.9%
Spain 334,757
Alicante
54.2%
Denmark 122,461
Aalborg
46.2%
Germany 263,477
Augsburg
44.4%
France 139,271
Amiens
39.4%
Russia 356,051
Arkhangelsk
36.4%
Spain 189,798
Almeria
36.2%
France 137,852
Avignon
34.2%
France 157,000
Angers
31.1%
Nation and Population
City
% Correct
France 141,200
Aix-en-Provence
30.1%
Russia 502,800
Astrakhan
29.8%
Netherlands 146,095
Arnhem
28.8%
Netherlands 136,208
Apeldoorn
25.1%
Spain 164,771
Albacete
24.6%
Netherlands 186,011
Almere
24.2%
Netherlands 143,235
Amersfoort
23.7%
Portugal 176,239
Amadora
20.1%
Romania 172,827
Arad
17.8%
Spain 203,645
Alcala de Henares
14.8%
Spain 166,553
Alcorcon
13.1%
Spain 120,469
Algeciras
11%
Russia 208,400
Armavir
8%
Quiz Playlist
Details
Report
Send in Message
Add To Playlist
Classic:
Type in answers that appear in a list
Last Updated: Feb 16, 2017
Quiz Scoreboard
CHALLENGE
Sign Up to Join the Scoreboard
Show All
Scores
Hide
Comments
May contain spoilers
Recently Published
Find the 'City' Movie
by crazypaving
Movies
60s
5x2 Blitz: Bands
by SL_Kpop136
Music
30s
Colored Red Africa Blitz
by spor1
Geography
30s
More to Explore
Quiz From the Vault
Featured Blog Post
14 Easter Pick-up Lines to Find Eggs With
hide this ad
You Might Also Like...
Tags
City Quiz
Europe Quiz
Nation Quiz
Population Quiz
100
100 000
Begins With
Today's Top Quizzes in Geography
Browse Geography
hide this ad
Today's Top Quizzes in Europe
Browse Europe
Top Contributed Quizzes in Geography
1
Countries of the World - No Outlines Minefield
2
Colored Red Europe Blitz I
3
Colored Red Africa Blitz II
4
Colored Red Europe Blitz II
5
Colored Red Europe Blitz III
6
Colored Red Africa Blitz III
7
Colored Red States Blitz I
8
Colored Red States Blitz II
9
Colored Red States Blitz III
10
Blind Secret Country CLXXXIX
Explore More
Trending Topics
NBA
Marvel
Crossword
Disney
Anime
Kpop
Harry Potter
Soccer
Country
Pokémon
NFL
Song
Puzzle
WWE
The Office
hide this ad
More By:
mckenna
Quiz
Plays
Rating
Category
Featured
Created
European Cities Beginning with A
792
4.30
Geography
Jan 10, 2010
Olympic Football (Soccer) Winners
482
5.00
Sports
Feb 3, 2010
G8 Countries
405
4.40
Geography
Jan 10, 2010
Famous Footballer's Clubs
381
5.00
Sports
Apr 9, 2011
Football European League Winners 2008/09
348
5.00
Sports
Jan 10, 2010
Go to Creator's Profile
Score Distribution
Quiz Creator Spotlight
mckenna
Follow
Send a Message
Quizzes Created
-
Created Quiz Play Count
-
More By This Creator
Popular Quizzes Today
1
Colored Red Africa Blitz
2
Find the 'City' Movie
3
5x2 Blitz: Bands
4
Find the US States - No Outlines Minefield
5
The Countries of the World
6
Find the US States
7
US States
8
9x9 Crossword: Cartoon Network
More Geography Quizzes
Slithering Outlines
Published
Trending Quizzes
Colored Red Europe Blitz I
Colored Red Africa Blitz II
Colored Red Europe Blitz II
Colored Red Europe Blitz III
Colored Red Africa Blitz III
Recently Updated
Famous TV Couples
Peacemaker
Champions League XIs: Real Madrid
pecheneg
Largest US Cities 1790-2010
pecheneg
Rides in Walt Disney World
pecheneg
Most Oscar Losses (Acting)
pecheneg
Beyoncé Albums
pecheneg
Leaping Animals
pecheneg
Reality TV Shows (A-Z)
bhenderson79
Rickey Henderson's Hall of Fame Teammates
pecheneg
Champions League XIs: Arsenal
pecheneg
Trending Topics
Crossword
Anime
Marvel
NBA
Harry Potter
Kpop
Disney
Soccer
WWE
NFL
Song
Pokémon
Country
Puzzle
The Office
Your Account Isn't Verified!
In order to create a playlist on Sporcle, you need to verify the email address you used during registration. Go to your
Sporcle Settings
to finish the process.
Report this User
Report this user for behavior that violates our
Community Guidelines
.
Details:
Send Report
Go to the Sporcle.com Mobile Site →
Comments